| 000 | 01010nam a22002057a 4500 | ||
|---|---|---|---|
| 003 | OSt | ||
| 005 | 20251214162048.0 | ||
| 008 | 251214b |||||||| |||| 00| 0 eng d | ||
| 040 | _cDCL | ||
| 082 | _a၉၁၄.၅ | ||
| 100 | 0 |
_aခြိမ့်၊ _cဦး။ |
|
| 245 | 1 | 0 |
_aအီတာလျံသွားမှတ်တမ်း / _cဦးခြိမ့်။ |
| 264 |
_aမန္တလေး ၊ _bထီးပေါင်းကားစာပေတိုက်၊ _c၂၀၂၄။ |
||
| 300 |
_a၁၈၃ စာမျက်နှာ ၊ _c၂၁ စင်တီ။ |
||
| 650 |
_aခရီးသွားမှတ်တမ်း _yအီတာလျံ |
||
| 650 |
_aခရီးသွားမှတ်တမ်း _yအီတလီ |
||
| 650 |
_aခရီးသွားမှတ်တမ်း _yစပိန် |
||
| 651 |
_aဘင်္ဂလားဒေ့ရှ် _xဒေသန္တရနှင့်ခရီးသွား။ |
||
| 942 |
_2ddc _cSHORT TERM _n0 |
||
| 999 |
_c2701 _d2701 |
||